| 000 | 00466pab a2200169 454500 | ||
|---|---|---|---|
| 008 | 180718b1999 xxu||||| |||| 00| 0 eng d | ||
| 100 | _aChapman, Jennifer | ||
| 245 | _aThe response of civil society to the globalization of the marketing of breast milk substitutes in Ghana | ||
| 260 | _c1999 | ||
| 300 | _ap.103-07 | ||
| 362 | _aDec | ||
| 650 | _aMilk - Ghana | ||
| 650 | _aBreast feeding - Ghana | ||
| 650 | _aMilk | ||
| 773 | _aDevelopment | ||
| 909 | _a43779 | ||
| 999 |
_c43779 _d43779 |
||